| 000 | 00970nam a2200265Ia 4500 | ||
|---|---|---|---|
| 003 | GCL | ||
| 008 | 140319s9999 xx 000 0 ara d | ||
| 020 | _a3100829953 | ||
| 040 |
_aGCL / _cGCL |
||
| 082 | 0 | 4 |
_a305.42 _bا م |
| 100 | 1 | _aفاضل الربيعى | |
| 245 | 1 | 0 |
_aالمراة العربية فى المواجهة النضالية والمشاركة العامة / _cفاضل الربيعى |
| 700 | 1 | _aاحمد جابر | |
| 700 | 1 | _aخالد على عبدالخالق | |
| 250 | _aالاولى | ||
| 260 |
_aبيروت : _bمركز دراسات الوحدة العربية ، _c2006 |
||
| 300 |
_a168 ص ؛ _c24 سم |
||
| 490 |
_aسلسلة كتب المستقبل العربى _v53 |
||
| 650 | 0 | 4 | _aالمرأة فى الحياة العامة |
| 650 | 0 | 4 | _aالمرأة فى السياسة |
| 650 | 0 | 4 | _aالمرأة - تصويت |
| 650 | 0 | 4 | _aالمرأة العراقية |
| 650 | 0 | 4 | _aالمرأة الفلسطينية |
| 942 |
_2ddc _cBK |
||
| 999 |
_c9037 _d9037 |
||